Vypísali dve petície! rozruch v kežmarskej nemocnici

Bibliographic Details
Main Author: Bielený, Branislav (Author)
Format: Article
Language:Slovak
PhysicalDescription:Fotogr.
ISSN:1335-4655
Subjects:

MARC

LEADER 00000nab a2200000 ar4500
001 vtls009006170
003 SK-MaSNL
005 20260303065729.0
008 070710c20070512xo mr|p|||||||000 b|slo
038 |a SNSK 
040 |b slo  |c SNSK  |e AACR2 
041 |a slo 
044 |a xo  |c SK 
080 |a 725.51  |x (437.6)  |2 2001 
080 |a 323.234  |2 2001 
100 1 |a Bielený, Branislav  |4 aut  |9 1032111 
245 1 0 |a Vypísali dve petície!  |b rozruch v kežmarskej nemocnici  |c Branislav Bielený 
300 |b Fotogr. 
610 2 7 |a Nemocnica Dr. Vojtecha Alexandra (Kežmarok, Slovensko)  |2 snsk  |9 1036158 
650 0 7 |a petície  |2 snsk  |9 13945 
651 7 |a Kežmarok (Slovensko)  |2 snsk  |9 26808 
773 0 |t Nový Čas  |g Roč. 17, č. 108 (12.5.2007), s. 10  |x 1335-4655 
852 |a SNSK  |b KIS3GCP 
999 |c 1752401  |d 1754331